000
00241nam a2200109Ia 4500
005
20260328101454.0
008
260328s9999||||xx |||||||||||||| ||und||
245
0
_a
Flos :
_b
Catalogue /
300
_a
348 p.
650
_a
CATÁLOGOS
942
_c
BK
999
_c
8757
_d
8757